Tekirdağ'ın mahalleleri - Statistics

General Stats
  • This quiz has been taken 5 times
  • The average score is 86 of 373
Answer Stats
% Correct
TEKİRDAĞ -> KAPAKLI -> KAPAKLI-İLÇE MERKEZİ | TEKİRDAĞ -> SARAY -> SARAY-İLÇE MERKEZİ | TEKİRDAĞ -> SÜLEYMANPAŞA -> SÜLEYMANPAŞA-İLÇE MERKEZİ Atatürk
80%
TEKİRDAĞ -> ÇERKEZKÖY -> ÇERKEZKÖY-İLÇE MERKEZİ Bağlık
60%
TEKİRDAĞ -> KAPAKLI -> KAPAKLI-İLÇE MERKEZİ | TEKİRDAĞ -> MARMARAEREĞLİSİ -> MARMARAEREĞLİSİ-İLÇE MERKEZİ | TEKİRDAĞ -> SÜLEYMANPAŞA -> SÜLEYMANPAŞA-İLÇE MERKEZİ Bahçelievler
60%
TEKİRDAĞ -> ERGENE -> ERGENE-İLÇE MERKEZİ | TEKİRDAĞ -> KAPAKLI -> KAPAKLI-İLÇE MERKEZİ | TEKİRDAĞ -> SARAY -> SARAY-İLÇE MERKEZİ | +4 others Cumhuriyet
60%
TEKİRDAĞ -> KAPAKLI -> KAPAKLI-İLÇE MERKEZİ | TEKİRDAĞ -> MURATLI -> MURATLI-İLÇE MERKEZİ | TEKİRDAĞ -> ÇERKEZKÖY -> ÇERKEZKÖY-İLÇE MERKEZİ Fatih
60%
TEKİRDAĞ -> ÇERKEZKÖY -> ÇERKEZKÖY-İLÇE MERKEZİ Fevzi Paşa
60%
TEKİRDAĞ -> ÇERKEZKÖY -> ÇERKEZKÖY-İLÇE MERKEZİ Gazi Mustafa Kemalpaşa
60%
TEKİRDAĞ -> ÇERKEZKÖY -> ÇERKEZKÖY-İLÇE MERKEZİ İstasyon
60%
TEKİRDAĞ -> ÇERKEZKÖY -> ÇERKEZKÖY-İLÇE MERKEZİ Veliköy
60%
TEKİRDAĞ -> SÜLEYMANPAŞA -> SÜLEYMANPAŞA-İLÇE MERKEZİ 100.Yıl
40%
TEKİRDAĞ -> SÜLEYMANPAŞA -> SÜLEYMANPAŞA-İLÇE MERKEZİ Altınova
40%
TEKİRDAĞ -> SÜLEYMANPAŞA -> SÜLEYMANPAŞA-İLÇE MERKEZİ Aydoğdu
40%
TEKİRDAĞ -> SÜLEYMANPAŞA -> SÜLEYMANPAŞA-İLÇE MERKEZİ Barbaros
40%
TEKİRDAĞ -> SARAY -> SARAY-İLÇE MERKEZİ Büyükyoncalı Merkez
40%
TEKİRDAĞ -> SÜLEYMANPAŞA -> SÜLEYMANPAŞA-İLÇE MERKEZİ Çiftlikönü
40%
TEKİRDAĞ -> SÜLEYMANPAŞA -> SÜLEYMANPAŞA-İLÇE MERKEZİ | TEKİRDAĞ -> ŞARKÖY -> ŞARKÖY-İLÇE MERKEZİ Çınarlı
40%
TEKİRDAĞ -> SÜLEYMANPAŞA -> SÜLEYMANPAŞA-İLÇE MERKEZİ Değirmenaltı
40%
TEKİRDAĞ -> SÜLEYMANPAŞA -> SÜLEYMANPAŞA-İLÇE MERKEZİ Ertuğrul
40%
TEKİRDAĞ -> ÇERKEZKÖY -> ÇERKEZKÖY-İLÇE MERKEZİ Gazi Osman Paşa
40%
TEKİRDAĞ -> ÇORLU -> ÇORLU-İLÇE MERKEZİ Hıdırağa
40%
TEKİRDAĞ -> SÜLEYMANPAŞA -> SÜLEYMANPAŞA-İLÇE MERKEZİ | TEKİRDAĞ -> ÇORLU -> ÇORLU-İLÇE MERKEZİ Hürriyet
40%
TEKİRDAĞ -> SÜLEYMANPAŞA -> SÜLEYMANPAŞA-İLÇE MERKEZİ | TEKİRDAĞ -> ŞARKÖY -> ŞARKÖY-İLÇE MERKEZİ İstiklal
40%
TEKİRDAĞ -> KAPAKLI -> KAPAKLI-İLÇE MERKEZİ Karaağaç
40%
TEKİRDAĞ -> SARAY -> SARAY-İLÇE MERKEZİ Kemalpaşa
40%
TEKİRDAĞ -> ÇERKEZKÖY -> ÇERKEZKÖY-İLÇE MERKEZİ Kızılpınar Atatürk
40%
TEKİRDAĞ -> ÇERKEZKÖY -> ÇERKEZKÖY-İLÇE MERKEZİ Kızılpınar Gültepe
40%
TEKİRDAĞ -> ÇERKEZKÖY -> ÇERKEZKÖY-İLÇE MERKEZİ Kızılpınar Namık Kemal
40%
TEKİRDAĞ -> SÜLEYMANPAŞA -> SÜLEYMANPAŞA-İLÇE MERKEZİ Köseilyas
40%
TEKİRDAĞ -> SARAY -> SARAY-İLÇE MERKEZİ Küçükyoncalı
40%
TEKİRDAĞ -> MALKARA -> MALKARA-İLÇE MERKEZİ Kürtüllü
40%
TEKİRDAĞ -> MARMARAEREĞLİSİ -> MARMARAEREĞLİSİ-İLÇE MERKEZİ Mustafa Kemal Paşa
40%
TEKİRDAĞ -> SÜLEYMANPAŞA -> SÜLEYMANPAŞA-İLÇE MERKEZİ Namık Kemal
40%
TEKİRDAĞ -> KAPAKLI -> KAPAKLI-İLÇE MERKEZİ Pınarca
40%
TEKİRDAĞ -> KAPAKLI -> KAPAKLI-İLÇE MERKEZİ Yanıkağıl
40%
TEKİRDAĞ -> SÜLEYMANPAŞA -> SÜLEYMANPAŞA-İLÇE MERKEZİ Yavuz
40%
TEKİRDAĞ -> ÇERKEZKÖY -> ÇERKEZKÖY-İLÇE MERKEZİ Yıldırım Beyazıt
40%
TEKİRDAĞ -> MALKARA -> MALKARA-İLÇE MERKEZİ Ahievren
20%
TEKİRDAĞ -> ERGENE -> ERGENE-İLÇE MERKEZİ Ahimehmet
20%
TEKİRDAĞ -> SÜLEYMANPAŞA -> SÜLEYMANPAŞA-İLÇE MERKEZİ Ahmedikli
20%
TEKİRDAĞ -> SÜLEYMANPAŞA -> SÜLEYMANPAŞA-İLÇE MERKEZİ Ahmetçe
20%
TEKİRDAĞ -> MALKARA -> MALKARA-İLÇE MERKEZİ Ahmetpaşa
20%
TEKİRDAĞ -> SÜLEYMANPAŞA -> SÜLEYMANPAŞA-İLÇE MERKEZİ Akçahalil
20%
TEKİRDAĞ -> MALKARA -> MALKARA-İLÇE MERKEZİ Aksakal
20%
TEKİRDAĞ -> MALKARA -> MALKARA-İLÇE MERKEZİ Alaybey
20%
TEKİRDAĞ -> ÇORLU -> ÇORLU-İLÇE MERKEZİ Alipaşa
20%
TEKİRDAĞ -> MALKARA -> MALKARA-İLÇE MERKEZİ Allıışık
20%
TEKİRDAĞ -> SÜLEYMANPAŞA -> SÜLEYMANPAŞA-İLÇE MERKEZİ Araphacı
20%
TEKİRDAĞ -> MURATLI -> MURATLI-İLÇE MERKEZİ Arzulu
20%
TEKİRDAĞ -> ŞARKÖY -> ŞARKÖY-İLÇE MERKEZİ Aşağıkalamış
20%
TEKİRDAĞ -> SÜLEYMANPAŞA -> SÜLEYMANPAŞA-İLÇE MERKEZİ Aşağıkılıçlı
20%
TEKİRDAĞ -> MURATLI -> MURATLI-İLÇE MERKEZİ Aşağısevindikli
20%
TEKİRDAĞ -> HAYRABOLU -> HAYRABOLU-İLÇE MERKEZİ Ataköy
20%
TEKİRDAĞ -> HAYRABOLU -> HAYRABOLU-İLÇE MERKEZİ Avluobası
20%
TEKİRDAĞ -> SÜLEYMANPAŞA -> SÜLEYMANPAŞA-İLÇE MERKEZİ Avşar
20%
TEKİRDAĞ -> SARAY -> SARAY-İLÇE MERKEZİ Ayaspaşa
20%
TEKİRDAĞ -> HAYRABOLU -> HAYRABOLU-İLÇE MERKEZİ Aydınevler
20%
TEKİRDAĞ -> MURATLI -> MURATLI-İLÇE MERKEZİ Aydınköy
20%
TEKİRDAĞ -> HAYRABOLU -> HAYRABOLU-İLÇE MERKEZİ Aydınlar
20%
TEKİRDAĞ -> SARAY -> SARAY-İLÇE MERKEZİ Ayvacık
20%
TEKİRDAĞ -> SARAY -> SARAY-İLÇE MERKEZİ Aziziye
20%
TEKİRDAĞ -> MALKARA -> MALKARA-İLÇE MERKEZİ Bağpınarı
20%
TEKİRDAĞ -> KAPAKLI -> KAPAKLI-İLÇE MERKEZİ Bahçeağıl
20%
TEKİRDAĞ -> SARAY -> SARAY-İLÇE MERKEZİ Bahçedere
20%
TEKİRDAĞ -> SARAY -> SARAY-İLÇE MERKEZİ Bahçeköy
20%
TEKİRDAĞ -> ERGENE -> ERGENE-İLÇE MERKEZİ Bakırca
20%
TEKİRDAĞ -> MALKARA -> MALKARA-İLÇE MERKEZİ Balabancık
20%
TEKİRDAĞ -> MURATLI -> MURATLI-İLÇE MERKEZİ Balabanlı
20%
TEKİRDAĞ -> MALKARA -> MALKARA-İLÇE MERKEZİ Ballı
20%
TEKİRDAĞ -> MURATLI -> MURATLI-İLÇE MERKEZİ Ballıhoca
20%
TEKİRDAĞ -> MALKARA -> MALKARA-İLÇE MERKEZİ Ballısüle
20%
TEKİRDAĞ -> SÜLEYMANPAŞA -> SÜLEYMANPAŞA-İLÇE MERKEZİ Banarlı
20%
TEKİRDAĞ -> MALKARA -> MALKARA-İLÇE MERKEZİ Batkın
20%
TEKİRDAĞ -> HAYRABOLU -> HAYRABOLU-İLÇE MERKEZİ Bayramşah
20%
TEKİRDAĞ -> MALKARA -> MALKARA-İLÇE MERKEZİ Bayramtepe
20%
TEKİRDAĞ -> SARAY -> SARAY-İLÇE MERKEZİ Beyazköy
20%
TEKİRDAĞ -> ŞARKÖY -> ŞARKÖY-İLÇE MERKEZİ Beyoğlu
20%
TEKİRDAĞ -> SÜLEYMANPAŞA -> SÜLEYMANPAŞA-İLÇE MERKEZİ Bıyıkali
20%
TEKİRDAĞ -> SARAY -> SARAY-İLÇE MERKEZİ Bozoba
20%
TEKİRDAĞ -> ŞARKÖY -> ŞARKÖY-İLÇE MERKEZİ Bulgur
20%
TEKİRDAĞ -> HAYRABOLU -> HAYRABOLU-İLÇE MERKEZİ Büyükkarakarlı
20%
TEKİRDAĞ -> HAYRABOLU -> HAYRABOLU-İLÇE MERKEZİ Buzağcı
20%
TEKİRDAĞ -> HAYRABOLU -> HAYRABOLU-İLÇE MERKEZİ Cambazdere
20%
TEKİRDAĞ -> MALKARA -> MALKARA-İLÇE MERKEZİ Camiatik
20%
TEKİRDAĞ -> ŞARKÖY -> ŞARKÖY-İLÇE MERKEZİ Camikebir
20%
TEKİRDAĞ -> SÜLEYMANPAŞA -> SÜLEYMANPAŞA-İLÇE MERKEZİ Çanakçı
20%
TEKİRDAĞ -> HAYRABOLU -> HAYRABOLU-İLÇE MERKEZİ Canhıdır
20%
TEKİRDAĞ -> MALKARA -> MALKARA-İLÇE MERKEZİ Çavuşköy
20%
TEKİRDAĞ -> SARAY -> SARAY-İLÇE MERKEZİ Çaylaköy
20%
TEKİRDAĞ -> MARMARAEREĞLİSİ -> MARMARAEREĞLİSİ-İLÇE MERKEZİ Cedit Ali Paşa
20%
TEKİRDAĞ -> ÇORLU -> ÇORLU-İLÇE MERKEZİ Cemaliye
20%
TEKİRDAĞ -> HAYRABOLU -> HAYRABOLU-İLÇE MERKEZİ Çeneköy
20%
TEKİRDAĞ -> ŞARKÖY -> ŞARKÖY-İLÇE MERKEZİ Çengelli
20%
TEKİRDAĞ -> HAYRABOLU -> HAYRABOLU-İLÇE MERKEZİ Çerkezmüsellim
20%
TEKİRDAĞ -> MARMARAEREĞLİSİ -> MARMARAEREĞLİSİ-İLÇE MERKEZİ Çeşmeli
20%
TEKİRDAĞ -> MURATLI -> MURATLI-İLÇE MERKEZİ Çevrimkaya
20%
TEKİRDAĞ -> HAYRABOLU -> HAYRABOLU-İLÇE MERKEZİ Çıkrıkçı
20%
TEKİRDAĞ -> MALKARA -> MALKARA-İLÇE MERKEZİ Çimendere
20%
TEKİRDAĞ -> MALKARA -> MALKARA-İLÇE MERKEZİ Çınaraltı
20%
TEKİRDAĞ -> MALKARA -> MALKARA-İLÇE MERKEZİ Çınarlıdere
20%
TEKİRDAĞ -> ÇORLU -> ÇORLU-İLÇE MERKEZİ Çobançeşme
20%
TEKİRDAĞ -> SARAY -> SARAY-İLÇE MERKEZİ Çukuryurt
20%
TEKİRDAĞ -> HAYRABOLU -> HAYRABOLU-İLÇE MERKEZİ Dambaslar
20%
TEKİRDAĞ -> HAYRABOLU -> HAYRABOLU-İLÇE MERKEZİ | TEKİRDAĞ -> MALKARA -> MALKARA-İLÇE MERKEZİ Danişment
20%
TEKİRDAĞ -> MALKARA -> MALKARA-İLÇE MERKEZİ Davuteli
20%
TEKİRDAĞ -> SÜLEYMANPAŞA -> SÜLEYMANPAŞA-İLÇE MERKEZİ Dedecik
20%
TEKİRDAĞ -> HAYRABOLU -> HAYRABOLU-İLÇE MERKEZİ Delibedir
20%
TEKİRDAĞ -> MALKARA -> MALKARA-İLÇE MERKEZİ Deliller
20%
TEKİRDAĞ -> MALKARA -> MALKARA-İLÇE MERKEZİ Demircili
20%
TEKİRDAĞ -> SARAY -> SARAY-İLÇE MERKEZİ Demirler
20%
TEKİRDAĞ -> SÜLEYMANPAŞA -> SÜLEYMANPAŞA-İLÇE MERKEZİ Demirli
20%
TEKİRDAĞ -> MARMARAEREĞLİSİ -> MARMARAEREĞLİSİ-İLÇE MERKEZİ Dereağzı
20%
TEKİRDAĞ -> ÇORLU -> ÇORLU-İLÇE MERKEZİ Deregündüzlü
20%
TEKİRDAĞ -> MALKARA -> MALKARA-İLÇE MERKEZİ Dereköy
20%
TEKİRDAĞ -> MALKARA -> MALKARA-İLÇE MERKEZİ Deveci
20%
TEKİRDAĞ -> MALKARA -> MALKARA-İLÇE MERKEZİ Develi
20%
TEKİRDAĞ -> MALKARA -> MALKARA-İLÇE MERKEZİ Doğanköy
20%
TEKİRDAĞ -> MALKARA -> MALKARA-İLÇE MERKEZİ Dolu
20%
TEKİRDAĞ -> SARAY -> SARAY-İLÇE MERKEZİ Edirköy
20%
TEKİRDAĞ -> MALKARA -> MALKARA-İLÇE MERKEZİ Elmalı
20%
TEKİRDAĞ -> MALKARA -> MALKARA-İLÇE MERKEZİ Emirali
20%
TEKİRDAĞ -> HAYRABOLU -> HAYRABOLU-İLÇE MERKEZİ Emiryakup
20%
TEKİRDAĞ -> ŞARKÖY -> ŞARKÖY-İLÇE MERKEZİ Eriklice
20%
TEKİRDAĞ -> MALKARA -> MALKARA-İLÇE MERKEZİ Esendik
20%
TEKİRDAĞ -> ERGENE -> ERGENE-İLÇE MERKEZİ Esenler
20%
TEKİRDAĞ -> ÇORLU -> ÇORLU-İLÇE MERKEZİ Esentepe
20%
TEKİRDAĞ -> SÜLEYMANPAŞA -> SÜLEYMANPAŞA-İLÇE MERKEZİ Evciler
20%
TEKİRDAĞ -> MALKARA -> MALKARA-İLÇE MERKEZİ Evrenbey
20%
TEKİRDAĞ -> HAYRABOLU -> HAYRABOLU-İLÇE MERKEZİ Fahrioğlu
20%
TEKİRDAĞ -> SÜLEYMANPAŞA -> SÜLEYMANPAŞA-İLÇE MERKEZİ Ferhadanlı
20%
TEKİRDAĞ -> MALKARA -> MALKARA-İLÇE MERKEZİ Gazibey
20%
TEKİRDAĞ -> ŞARKÖY -> ŞARKÖY-İLÇE MERKEZİ Gaziköy
20%
TEKİRDAĞ -> SÜLEYMANPAŞA -> SÜLEYMANPAŞA-İLÇE MERKEZİ Gazioğlu
20%
TEKİRDAĞ -> SÜLEYMANPAŞA -> SÜLEYMANPAŞA-İLÇE MERKEZİ Generli
20%
TEKİRDAĞ -> SARAY -> SARAY-İLÇE MERKEZİ Göçerler
20%
TEKİRDAĞ -> ŞARKÖY -> ŞARKÖY-İLÇE MERKEZİ Gölcük
20%
TEKİRDAĞ -> MALKARA -> MALKARA-İLÇE MERKEZİ Gönence
20%
TEKİRDAĞ -> MALKARA -> MALKARA-İLÇE MERKEZİ Gözsüz
20%
TEKİRDAĞ -> SÜLEYMANPAŞA -> SÜLEYMANPAŞA-İLÇE MERKEZİ Gündüzlü
20%
TEKİRDAĞ -> MALKARA -> MALKARA-İLÇE MERKEZİ Güneşli
20%
TEKİRDAĞ -> SARAY -> SARAY-İLÇE MERKEZİ Güngörmez
20%
TEKİRDAĞ -> SÜLEYMANPAŞA -> SÜLEYMANPAŞA-İLÇE MERKEZİ Güvençli
20%
TEKİRDAĞ -> ŞARKÖY -> ŞARKÖY-İLÇE MERKEZİ Güzelköy
20%
TEKİRDAĞ -> SÜLEYMANPAŞA -> SÜLEYMANPAŞA-İLÇE MERKEZİ Hacıköy
20%
TEKİRDAĞ -> HAYRABOLU -> HAYRABOLU-İLÇE MERKEZİ Hacılı
20%
TEKİRDAĞ -> MALKARA -> MALKARA-İLÇE MERKEZİ Hacısungur
20%
TEKİRDAĞ -> MALKARA -> MALKARA-İLÇE MERKEZİ Halıç
20%
TEKİRDAĞ -> MURATLI -> MURATLI-İLÇE MERKEZİ Hanoğlu
20%
TEKİRDAĞ -> HAYRABOLU -> HAYRABOLU-İLÇE MERKEZİ | TEKİRDAĞ -> MALKARA -> MALKARA-İLÇE MERKEZİ Hasköy
20%
TEKİRDAĞ -> ÇORLU -> ÇORLU-İLÇE MERKEZİ Hatip
20%
TEKİRDAĞ -> ÇORLU -> ÇORLU-İLÇE MERKEZİ Havuzlar
20%
TEKİRDAĞ -> HAYRABOLU -> HAYRABOLU-İLÇE MERKEZİ Hedeyli
20%
TEKİRDAĞ -> MALKARA -> MALKARA-İLÇE MERKEZİ Hemit
20%
TEKİRDAĞ -> MALKARA -> MALKARA-İLÇE MERKEZİ Hereke
20%
TEKİRDAĞ -> HAYRABOLU -> HAYRABOLU-İLÇE MERKEZİ Hisar
20%
TEKİRDAĞ -> ŞARKÖY -> ŞARKÖY-İLÇE MERKEZİ Hoşköy
20%
TEKİRDAĞ -> SÜLEYMANPAŞA -> SÜLEYMANPAŞA-İLÇE MERKEZİ Hüsünlü
20%
TEKİRDAĞ -> MALKARA -> MALKARA-İLÇE MERKEZİ İbribey
20%
TEKİRDAĞ -> MALKARA -> MALKARA-İLÇE MERKEZİ İbrice
20%
TEKİRDAĞ -> ŞARKÖY -> ŞARKÖY-İLÇE MERKEZİ İğdebağları
20%
TEKİRDAĞ -> ERGENE -> ERGENE-İLÇE MERKEZİ İğneler
20%
TEKİRDAĞ -> HAYRABOLU -> HAYRABOLU-İLÇE MERKEZİ İlyas
20%
TEKİRDAĞ -> MURATLI -> MURATLI-İLÇE MERKEZİ İnanlı
20%
TEKİRDAĞ -> SÜLEYMANPAŞA -> SÜLEYMANPAŞA-İLÇE MERKEZİ İnecik
20%
TEKİRDAĞ -> KAPAKLI -> KAPAKLI-İLÇE MERKEZİ İnönü
20%
TEKİRDAĞ -> MALKARA -> MALKARA-İLÇE MERKEZİ İshakça
20%
TEKİRDAĞ -> ŞARKÖY -> ŞARKÖY-İLÇE MERKEZİ İshaklı
20%
TEKİRDAĞ -> SÜLEYMANPAŞA -> SÜLEYMANPAŞA-İLÇE MERKEZİ Işıklar
20%
TEKİRDAĞ -> HAYRABOLU -> HAYRABOLU-İLÇE MERKEZİ İsmailli
20%
TEKİRDAĞ -> KAPAKLI -> KAPAKLI-İLÇE MERKEZİ İsmetpaşa
20%
TEKİRDAĞ -> MALKARA -> MALKARA-İLÇE MERKEZİ Izgar
20%
TEKİRDAĞ -> HAYRABOLU -> HAYRABOLU-İLÇE MERKEZİ Kabahöyük
20%
TEKİRDAĞ -> MALKARA -> MALKARA-İLÇE MERKEZİ | TEKİRDAĞ -> SARAY -> SARAY-İLÇE MERKEZİ Kadıköy
20%
TEKİRDAĞ -> HAYRABOLU -> HAYRABOLU-İLÇE MERKEZİ Kadriye
20%
TEKİRDAĞ -> HAYRABOLU -> HAYRABOLU-İLÇE MERKEZİ Kahya
20%
TEKİRDAĞ -> MALKARA -> MALKARA-İLÇE MERKEZİ Kalaycı
20%
TEKİRDAĞ -> HAYRABOLU -> HAYRABOLU-İLÇE MERKEZİ Kandamış
20%
TEKİRDAĞ -> HAYRABOLU -> HAYRABOLU-İLÇE MERKEZİ Karababa
20%
TEKİRDAĞ -> SÜLEYMANPAŞA -> SÜLEYMANPAŞA-İLÇE MERKEZİ Karabezirgan
20%
TEKİRDAĞ -> HAYRABOLU -> HAYRABOLU-İLÇE MERKEZİ | TEKİRDAĞ -> SARAY -> SARAY-İLÇE MERKEZİ Karabürçek
20%
TEKİRDAĞ -> MALKARA -> MALKARA-İLÇE MERKEZİ Karacagür
20%
TEKİRDAĞ -> MALKARA -> MALKARA-İLÇE MERKEZİ Karacahalil
20%
TEKİRDAĞ -> SÜLEYMANPAŞA -> SÜLEYMANPAŞA-İLÇE MERKEZİ Karacakılavuz
20%
TEKİRDAĞ -> SÜLEYMANPAŞA -> SÜLEYMANPAŞA-İLÇE MERKEZİ Karaçalı
20%
TEKİRDAĞ -> SÜLEYMANPAŞA -> SÜLEYMANPAŞA-İLÇE MERKEZİ Karadeniz
20%
TEKİRDAĞ -> SÜLEYMANPAŞA -> SÜLEYMANPAŞA-İLÇE MERKEZİ Karaevli
20%
TEKİRDAĞ -> SÜLEYMANPAŞA -> SÜLEYMANPAŞA-İLÇE MERKEZİ Karahalil
20%
TEKİRDAĞ -> SÜLEYMANPAŞA -> SÜLEYMANPAŞA-İLÇE MERKEZİ Karahisarlı
20%
TEKİRDAĞ -> MALKARA -> MALKARA-İLÇE MERKEZİ Karaiğdemir
20%
TEKİRDAĞ -> HAYRABOLU -> HAYRABOLU-İLÇE MERKEZİ Karakavak
20%
TEKİRDAĞ -> ERGENE -> ERGENE-İLÇE MERKEZİ Karamehmet
20%
TEKİRDAĞ -> MALKARA -> MALKARA-İLÇE MERKEZİ Karamurat
20%
TEKİRDAĞ -> SÜLEYMANPAŞA -> SÜLEYMANPAŞA-İLÇE MERKEZİ Karansıllı
20%
TEKİRDAĞ -> HAYRABOLU -> HAYRABOLU-İLÇE MERKEZİ Karayahşi
20%
TEKİRDAĞ -> KAPAKLI -> KAPAKLI-İLÇE MERKEZİ Karlı
20%
TEKİRDAĞ -> SÜLEYMANPAŞA -> SÜLEYMANPAŞA-İLÇE MERKEZİ Kaşıkçı
20%
TEKİRDAĞ -> SARAY -> SARAY-İLÇE MERKEZİ Kavacık
20%
TEKİRDAĞ -> MALKARA -> MALKARA-İLÇE MERKEZİ Kavakçeşme
20%
TEKİRDAĞ -> SÜLEYMANPAŞA -> SÜLEYMANPAŞA-İLÇE MERKEZİ Kayı
20%
TEKİRDAĞ -> SÜLEYMANPAŞA -> SÜLEYMANPAŞA-İLÇE MERKEZİ Kazandere
20%
TEKİRDAĞ -> ÇORLU -> ÇORLU-İLÇE MERKEZİ Kazımiye
20%
TEKİRDAĞ -> KAPAKLI -> KAPAKLI-İLÇE MERKEZİ Kazım Karabekir
20%
TEKİRDAĞ -> ÇORLU -> ÇORLU-İLÇE MERKEZİ Kemalettin
20%
TEKİRDAĞ -> HAYRABOLU -> HAYRABOLU-İLÇE MERKEZİ Kemaller
20%
TEKİRDAĞ -> MURATLI -> MURATLI-İLÇE MERKEZİ Kepenekli
20%
TEKİRDAĞ -> MALKARA -> MALKARA-İLÇE MERKEZİ Kermeyan
20%
TEKİRDAĞ -> SÜLEYMANPAŞA -> SÜLEYMANPAŞA-İLÇE MERKEZİ Kılavuzlu
20%
TEKİRDAĞ -> HAYRABOLU -> HAYRABOLU-İLÇE MERKEZİ Kılıçlar
20%
TEKİRDAĞ -> SÜLEYMANPAŞA -> SÜLEYMANPAŞA-İLÇE MERKEZİ Kınıklar
20%
TEKİRDAĞ -> ŞARKÖY -> ŞARKÖY-İLÇE MERKEZİ Kirazlı
20%
TEKİRDAĞ -> MALKARA -> MALKARA-İLÇE MERKEZİ Kiremitlik
20%
TEKİRDAĞ -> MALKARA -> MALKARA-İLÇE MERKEZİ Kırıkali
20%
TEKİRDAĞ -> ERGENE -> ERGENE-İLÇE MERKEZİ Kırkgöz
20%
TEKİRDAĞ -> MURATLI -> MURATLI-İLÇE MERKEZİ Kırkkepenekli
20%
TEKİRDAĞ -> ŞARKÖY -> ŞARKÖY-İLÇE MERKEZİ Kızılcaterzi
20%
TEKİRDAĞ -> ŞARKÖY -> ŞARKÖY-İLÇE MERKEZİ Kocaali
20%
TEKİRDAĞ -> MALKARA -> MALKARA-İLÇE MERKEZİ Küçükhıdır
20%
TEKİRDAĞ -> HAYRABOLU -> HAYRABOLU-İLÇE MERKEZİ Küçükkarakarlı
20%
TEKİRDAĞ -> SÜLEYMANPAŞA -> SÜLEYMANPAŞA-İLÇE MERKEZİ Kumbağ
20%
TEKİRDAĞ -> HAYRABOLU -> HAYRABOLU-İLÇE MERKEZİ | TEKİRDAĞ -> SARAY -> SARAY-İLÇE MERKEZİ Kurtdere
20%
TEKİRDAĞ -> HAYRABOLU -> HAYRABOLU-İLÇE MERKEZİ Kutlugün
20%
TEKİRDAĞ -> MALKARA -> MALKARA-İLÇE MERKEZİ Kuyucu
20%
TEKİRDAĞ -> HAYRABOLU -> HAYRABOLU-İLÇE MERKEZİ Lahana
20%
TEKİRDAĞ -> SÜLEYMANPAŞA -> SÜLEYMANPAŞA-İLÇE MERKEZİ Mahramlı
20%
TEKİRDAĞ -> ÇORLU -> ÇORLU-İLÇE MERKEZİ Maksutlu
20%
TEKİRDAĞ -> ERGENE -> ERGENE-İLÇE MERKEZİ Marmaracık
20%
TEKİRDAĞ -> MALKARA -> MALKARA-İLÇE MERKEZİ Mestanlar
20%
TEKİRDAĞ -> KAPAKLI -> KAPAKLI-İLÇE MERKEZİ Mimar Sinan
20%
TEKİRDAĞ -> ERGENE -> ERGENE-İLÇE MERKEZİ Misinli
20%
TEKİRDAĞ -> ÇORLU -> ÇORLU-İLÇE MERKEZİ Muhittin
20%
TEKİRDAĞ -> MURATLI -> MURATLI-İLÇE MERKEZİ Muradiye
20%
TEKİRDAĞ -> ŞARKÖY -> ŞARKÖY-İLÇE MERKEZİ Mürefte
20%
TEKİRDAĞ -> ŞARKÖY -> ŞARKÖY-İLÇE MERKEZİ Mursallı
20%
TEKİRDAĞ -> MURATLI -> MURATLI-İLÇE MERKEZİ Müsellim
20%
TEKİRDAĞ -> MALKARA -> MALKARA-İLÇE MERKEZİ Müstecep
20%
TEKİRDAĞ -> HAYRABOLU -> HAYRABOLU-İLÇE MERKEZİ Muzruplu
20%
TEKİRDAĞ -> SÜLEYMANPAŞA -> SÜLEYMANPAŞA-İLÇE MERKEZİ Naipköy
20%
TEKİRDAĞ -> SÜLEYMANPAŞA -> SÜLEYMANPAŞA-İLÇE MERKEZİ Nusratfakı
20%
TEKİRDAĞ -> ÇORLU -> ÇORLU-İLÇE MERKEZİ Nusratiye
20%
TEKİRDAĞ -> SÜLEYMANPAŞA -> SÜLEYMANPAŞA-İLÇE MERKEZİ Nusratlı
20%
TEKİRDAĞ -> SÜLEYMANPAŞA -> SÜLEYMANPAŞA-İLÇE MERKEZİ Oğuzlu
20%
TEKİRDAĞ -> ÇORLU -> ÇORLU-İLÇE MERKEZİ Önerler
20%
TEKİRDAĞ -> HAYRABOLU -> HAYRABOLU-İLÇE MERKEZİ Öreyköy
20%
TEKİRDAĞ -> SÜLEYMANPAŞA -> SÜLEYMANPAŞA-İLÇE MERKEZİ Ormanlı
20%
TEKİRDAĞ -> SÜLEYMANPAŞA -> SÜLEYMANPAŞA-İLÇE MERKEZİ Ortaca
20%
TEKİRDAĞ -> SÜLEYMANPAŞA -> SÜLEYMANPAŞA-İLÇE MERKEZİ Ortacami
20%
TEKİRDAĞ -> SÜLEYMANPAŞA -> SÜLEYMANPAŞA-İLÇE MERKEZİ Oruçbeyli
20%
TEKİRDAĞ -> SARAY -> SARAY-İLÇE MERKEZİ | TEKİRDAĞ -> SÜLEYMANPAŞA -> SÜLEYMANPAŞA-İLÇE MERKEZİ Osmanlı
20%
TEKİRDAĞ -> SÜLEYMANPAŞA -> SÜLEYMANPAŞA-İLÇE MERKEZİ Otmanlı
20%
TEKİRDAĞ -> HAYRABOLU -> HAYRABOLU-İLÇE MERKEZİ Övenler
20%
TEKİRDAĞ -> ŞARKÖY -> ŞARKÖY-İLÇE MERKEZİ Palamut
20%
TEKİRDAĞ -> HAYRABOLU -> HAYRABOLU-İLÇE MERKEZİ Parmaksız
20%
TEKİRDAĞ -> ERGENE -> ERGENE-İLÇE MERKEZİ Paşaköy
20%
TEKİRDAĞ -> SARAY -> SARAY-İLÇE MERKEZİ Pazarcık
20%
TEKİRDAĞ -> ERGENE -> ERGENE-İLÇE MERKEZİ Pınarbaşı
20%
TEKİRDAĞ -> MALKARA -> MALKARA-İLÇE MERKEZİ Pirinççeşme
20%
TEKİRDAĞ -> ÇORLU -> ÇORLU-İLÇE MERKEZİ Reşadiye
20%
TEKİRDAĞ -> ÇORLU -> ÇORLU-İLÇE MERKEZİ Rumeli
20%
TEKİRDAĞ -> SARAY -> SARAY-İLÇE MERKEZİ Safaalan
20%
TEKİRDAĞ -> MALKARA -> MALKARA-İLÇE MERKEZİ Sağlamtaş
20%
TEKİRDAĞ -> ERGENE -> ERGENE-İLÇE MERKEZİ Sağlık
20%
TEKİRDAĞ -> MALKARA -> MALKARA-İLÇE MERKEZİ Şahin
20%
TEKİRDAĞ -> ÇORLU -> ÇORLU-İLÇE MERKEZİ Şahpaz
20%
TEKİRDAĞ -> HAYRABOLU -> HAYRABOLU-İLÇE MERKEZİ Şalgamlı
20%
TEKİRDAĞ -> ÇORLU -> ÇORLU-İLÇE MERKEZİ Sarılar
20%
TEKİRDAĞ -> MALKARA -> MALKARA-İLÇE MERKEZİ Sarıpolat
20%
TEKİRDAĞ -> MALKARA -> MALKARA-İLÇE MERKEZİ Sarıyar
20%
TEKİRDAĞ -> MALKARA -> MALKARA-İLÇE MERKEZİ Sarnıçköy
20%
TEKİRDAĞ -> SÜLEYMANPAŞA -> SÜLEYMANPAŞA-İLÇE MERKEZİ Selçuk
20%
TEKİRDAĞ -> SÜLEYMANPAŞA -> SÜLEYMANPAŞA-İLÇE MERKEZİ Semetli
20%
TEKİRDAĞ -> ŞARKÖY -> ŞARKÖY-İLÇE MERKEZİ Şenköy
20%
TEKİRDAĞ -> ÇORLU -> ÇORLU-İLÇE MERKEZİ Şeyhsinan
20%
TEKİRDAĞ -> ÇORLU -> ÇORLU-İLÇE MERKEZİ Seymen
20%
TEKİRDAĞ -> SÜLEYMANPAŞA -> SÜLEYMANPAŞA-İLÇE MERKEZİ Seymenli
20%
TEKİRDAĞ -> ÇORLU -> ÇORLU-İLÇE MERKEZİ Silahtarağa
20%
TEKİRDAĞ -> SARAY -> SARAY-İLÇE MERKEZİ Sinanlı
20%
TEKİRDAĞ -> MALKARA -> MALKARA-İLÇE MERKEZİ Sırtbey
20%
TEKİRDAĞ -> ŞARKÖY -> ŞARKÖY-İLÇE MERKEZİ Sofuköy
20%
TEKİRDAĞ -> SARAY -> SARAY-İLÇE MERKEZİ Sofular
20%
TEKİRDAĞ -> HAYRABOLU -> HAYRABOLU-İLÇE MERKEZİ Soylu
20%
TEKİRDAĞ -> MARMARAEREĞLİSİ -> MARMARAEREĞLİSİ-İLÇE MERKEZİ Sultanköy
20%
TEKİRDAĞ -> SÜLEYMANPAŞA -> SÜLEYMANPAŞA-İLÇE MERKEZİ Taşumurca
20%
TEKİRDAĞ -> HAYRABOLU -> HAYRABOLU-İLÇE MERKEZİ | TEKİRDAĞ -> SÜLEYMANPAŞA -> SÜLEYMANPAŞA-İLÇE MERKEZİ Tatarlı
20%
TEKİRDAĞ -> MALKARA -> MALKARA-İLÇE MERKEZİ Tekkeköy
20%
TEKİRDAĞ -> HAYRABOLU -> HAYRABOLU-İLÇE MERKEZİ Temrezli
20%
TEKİRDAĞ -> ŞARKÖY -> ŞARKÖY-İLÇE MERKEZİ Tepeköy
20%
TEKİRDAĞ -> MALKARA -> MALKARA-İLÇE MERKEZİ Teteköy
20%
TEKİRDAĞ -> SÜLEYMANPAŞA -> SÜLEYMANPAŞA-İLÇE MERKEZİ Topağaç
20%
TEKİRDAĞ -> ÇORLU -> ÇORLU-İLÇE MERKEZİ Türkgücü
20%
TEKİRDAĞ -> MARMARAEREĞLİSİ -> MARMARAEREĞLİSİ-İLÇE MERKEZİ Türkmenli
20%
TEKİRDAĞ -> ŞARKÖY -> ŞARKÖY-İLÇE MERKEZİ Uçmakdere
20%
TEKİRDAĞ -> ŞARKÖY -> ŞARKÖY-İLÇE MERKEZİ Ulaman
20%
TEKİRDAĞ -> ERGENE -> ERGENE-İLÇE MERKEZİ Ulaş
20%
TEKİRDAĞ -> HAYRABOLU -> HAYRABOLU-İLÇE MERKEZİ Umurbey
20%
TEKİRDAĞ -> HAYRABOLU -> HAYRABOLU-İLÇE MERKEZİ Umurcu
20%
TEKİRDAĞ -> KAPAKLI -> KAPAKLI-İLÇE MERKEZİ Uzunhacı
20%
TEKİRDAĞ -> MALKARA -> MALKARA-İLÇE MERKEZİ Vakıfiğdemir
20%
TEKİRDAĞ -> ERGENE -> ERGENE-İLÇE MERKEZİ Vakıflar
20%
TEKİRDAĞ -> ERGENE -> ERGENE-İLÇE MERKEZİ Velimeşe
20%
TEKİRDAĞ -> SÜLEYMANPAŞA -> SÜLEYMANPAŞA-İLÇE MERKEZİ Yağcı
20%
TEKİRDAĞ -> MARMARAEREĞLİSİ -> MARMARAEREĞLİSİ-İLÇE MERKEZİ Yakuplu
20%
TEKİRDAĞ -> MURATLI -> MURATLI-İLÇE MERKEZİ Yavaşça
20%
TEKİRDAĞ -> ŞARKÖY -> ŞARKÖY-İLÇE MERKEZİ Yayaağaç
20%
TEKİRDAĞ -> SÜLEYMANPAŞA -> SÜLEYMANPAŞA-İLÇE MERKEZİ Yayabaşı
20%
TEKİRDAĞ -> ŞARKÖY -> ŞARKÖY-İLÇE MERKEZİ Yayaköy
20%
TEKİRDAĞ -> MALKARA -> MALKARA-İLÇE MERKEZİ Yaylagöne
20%
TEKİRDAĞ -> MALKARA -> MALKARA-İLÇE MERKEZİ Yaylaköy
20%
TEKİRDAĞ -> SÜLEYMANPAŞA -> SÜLEYMANPAŞA-İLÇE MERKEZİ Yazır
20%
TEKİRDAĞ -> MALKARA -> MALKARA-İLÇE MERKEZİ | TEKİRDAĞ -> SARAY -> SARAY-İLÇE MERKEZİ Yeni
20%
TEKİRDAĞ -> MALKARA -> MALKARA-İLÇE MERKEZİ | TEKİRDAĞ -> SÜLEYMANPAŞA -> SÜLEYMANPAŞA-İLÇE MERKEZİ | TEKİRDAĞ -> ÇORLU -> ÇORLU-İLÇE MERKEZİ Yenice
20%
TEKİRDAĞ -> MARMARAEREĞLİSİ -> MARMARAEREĞLİSİ-İLÇE MERKEZİ Yeniçiftlik
20%
TEKİRDAĞ -> MALKARA -> MALKARA-İLÇE MERKEZİ Yenidibek
20%
TEKİRDAĞ -> SÜLEYMANPAŞA -> SÜLEYMANPAŞA-İLÇE MERKEZİ | TEKİRDAĞ -> ŞARKÖY -> ŞARKÖY-İLÇE MERKEZİ Yeniköy
20%
TEKİRDAĞ -> MURATLI -> MURATLI-İLÇE MERKEZİ Yeşilsırt
20%
TEKİRDAĞ -> ERGENE -> ERGENE-İLÇE MERKEZİ Yeşiltepe
20%
TEKİRDAĞ -> MALKARA -> MALKARA-İLÇE MERKEZİ Yılanlı
20%
TEKİRDAĞ -> HAYRABOLU -> HAYRABOLU-İLÇE MERKEZİ | TEKİRDAĞ -> ŞARKÖY -> ŞARKÖY-İLÇE MERKEZİ Yörgüç
20%
TEKİRDAĞ -> MALKARA -> MALKARA-İLÇE MERKEZİ Yörücek
20%
TEKİRDAĞ -> MALKARA -> MALKARA-İLÇE MERKEZİ Yörük
20%
TEKİRDAĞ -> HAYRABOLU -> HAYRABOLU-İLÇE MERKEZİ Yörükler
20%
TEKİRDAĞ -> ŞARKÖY -> ŞARKÖY-İLÇE MERKEZİ Yukarıkalamış
20%
TEKİRDAĞ -> SÜLEYMANPAŞA -> SÜLEYMANPAŞA-İLÇE MERKEZİ Yukarıkılıçlı
20%
TEKİRDAĞ -> MURATLI -> MURATLI-İLÇE MERKEZİ Yukarısevindikli
20%
TEKİRDAĞ -> MURATLI -> MURATLI-İLÇE MERKEZİ Yukarısırt
20%
TEKİRDAĞ -> ERGENE -> ERGENE-İLÇE MERKEZİ Yulaflı
20%
TEKİRDAĞ -> KAPAKLI -> KAPAKLI-İLÇE MERKEZİ Yunus Emre
20%
TEKİRDAĞ -> MURATLI -> MURATLI-İLÇE MERKEZİ Yurtbekler
20%
TEKİRDAĞ -> SÜLEYMANPAŞA -> SÜLEYMANPAŞA-İLÇE MERKEZİ Yuva
20%
TEKİRDAĞ -> SARAY -> SARAY-İLÇE MERKEZİ Yuvalı
20%
TEKİRDAĞ -> SÜLEYMANPAŞA -> SÜLEYMANPAŞA-İLÇE MERKEZİ | TEKİRDAĞ -> ÇORLU -> ÇORLU-İLÇE MERKEZİ Zafer
20%
TEKİRDAĞ -> KAPAKLI -> KAPAKLI-İLÇE MERKEZİ 19 Mayıs
0%
TEKİRDAĞ -> KAPAKLI -> KAPAKLI-İLÇE MERKEZİ Adnan Menderes
0%
TEKİRDAĞ -> SÜLEYMANPAŞA -> SÜLEYMANPAŞA-İLÇE MERKEZİ Doğrukaracamurat
0%
TEKİRDAĞ -> MALKARA -> MALKARA-İLÇE MERKEZİ Hacıevlat
0%
TEKİRDAĞ -> MURATLI -> MURATLI-İLÇE MERKEZİ İstiklal-Kurtpınar
0%
TEKİRDAĞ -> MARMARAEREĞLİSİ -> MARMARAEREĞLİSİ-İLÇE MERKEZİ Kamaredere
0%
TEKİRDAĞ -> MURATLI -> MURATLI-İLÇE MERKEZİ Kazımdirik-Turan
0%
TEKİRDAĞ -> MALKARA -> MALKARA-İLÇE MERKEZİ Kozyürük
0%
TEKİRDAĞ -> KAPAKLI -> KAPAKLI-İLÇE MERKEZİ Mevlana
0%
TEKİRDAĞ -> KAPAKLI -> KAPAKLI-İLÇE MERKEZİ Ömer Halisdemir
0%
TEKİRDAĞ -> HAYRABOLU -> HAYRABOLU-İLÇE MERKEZİ Subaşı
0%
TEKİRDAĞ -> HAYRABOLU -> HAYRABOLU-İLÇE MERKEZİ Susuzmüsellim
0%
TEKİRDAĞ -> HAYRABOLU -> HAYRABOLU-İLÇE MERKEZİ Tuğcalı
0%
TEKİRDAĞ -> KAPAKLI -> KAPAKLI-İLÇE MERKEZİ | TEKİRDAĞ -> SÜLEYMANPAŞA -> SÜLEYMANPAŞA-İLÇE MERKEZİ Vatan
0%
TEKİRDAĞ -> KAPAKLI -> KAPAKLI-İLÇE MERKEZİ Yıldızkent
0%
No matching quizzes found
Score Distribution
Percent of People with Each Score
Percentile by Number Answered
Your Score History
You have not taken this quiz